00711cam a22002054a 450000500170000000800410001701000140005802000260007203500130009803700130011104000080012424501030013226000520023527000740028730000300036150000200039150400500041170000210046170000230048220090520130108.0090121s2009 ii g b 001 0 eng  aENG-95572 a9788178311739c900.00 aEN-79105 aDBAD/PUB aDPL aEnvironmental accountingbExplorations in methodogycedited by Amitabh Kundu and Michael von Hauff aNew Delhi :bManak Publications PVT. LTD.c2008 aB-7, Saraswati complex, Subhash chowk, Laxmi NagarbNew Delhie110092 axvii,283 p. ;c23 cm.(Hb) aIncludes index. aIncludes bibliographical references and Indix aKundu, Amitabh,  aHauff, Michael von